[Event "Sopo op"]
[White "Olarte Parra, Jhoan Sebastian"]
[Black "Carranza, Jorge Federico"]
[Site "Sopo"]
[Round "4"]
[Result "1-0"]
[Date "2013.04.28"]
[WhiteElo "1958"]
[BlackElo "1672"]
[PlyCount "69"]
[EventDate "2013.04.26"]
[EventType "swiss"]
[EventRounds "5"]
[EventCountry "COL"]
[SourceTitle "CBM 154 Extra"]
[Source "ChessBase"]
[SourceDate "2013.06.25"]
[SourceVersion "2"]
[SourceVersionDate "2013.06.25"]
[SourceQuality "1"]

1. e4 c5 2. Nf3 e6 3. c4 Nc6 4. Nc3 d6 5. Be2 Nf6 6. 0-0 Be7 7. d4 cxd4 8. Nxd4 a6 9. Be3 Qc7 10. Rc1 b6 11. Ncb5 axb5 12. cxb5 Nxe4 13. Rxc6 Qd7 14. Bf3 d5 15. Qc2 Bd8 16. Bxe4 dxe4 17. Ne2 Bb7 18. Rd1 Qe7 19. Bxb6 0-0 20. Bc5 Qf6 21. Bxf8 Kxf8 22. Rcd6 Rc8 23. Nc3 Bc7 24. Qd2 Qg6 25. Qe3 f5 26. Rd7 f4 27. Qc5+ Kg8 28. Rxc7 f3 29. Rxc8+ Bxc8 30. Qxc8+ Kf7 31. Qc7+ Kf6 32. Qf4+ Ke7 33. Qh4+ Ke8 34. Rd8+ Kf7 35. Rd7+ 1-0